000
00227nam a2200097Ia 4500
008
170620s9999 xx 000 0 und d
100
_a
Saral
245
0
_a
Shirimadh Bhagwadh Geeta
260
_b
New Delhi : Shri Dinesh Bahl
260
_c
2016
300
_a
36
999
_c
28131
_d
28131